pistas altitude - Statistics

Estatísticas Gerais
  • Esse quiz foi jogado 1 210 vezes
  • A pontuação média é 18 de 19
Estatísticas das Respostas
pista altitude % Correto
jacuba 2400
99%
f. retiro 2000
97%
são josé do rio pardo 2800
97%
chifre 2200
96%
araras 2200
96%
caiapó 2000
95%
mococa 2100
95%
f. amália 2300
95%
oriçanga 2300
95%
casa branca 2300
95%
vargem grande do sul 2300
95%
abengoá 2000
93%
leme 2000
93%
laranjal 2100
93%
a. ribeiro (srp4) 2800
93%
irmão ribeiro (esp) 3000
93%
u. cresciumal 2000
91%
são joão da boa vista 2500
91%
tambaú 2400
89%
Nenhum quiz correspondente encontrado
Distribuição das Pontuações
Porcentagem de Pessoas com Cada Pontuação
Percentil de Números Respondidos
Sua Pontuação Histórica
Você não jogou esse quiz